000
00293nam a2200109 4500
999
_c
10090
_d
10090
008
180801b ||||| |||| 00| 0 eng d
245
_a
Eruption, fire stir majestic Kanlaon.
260
_a
Davao City
_b
Sun Star Davao
_c
c2016
300
_a
page 9.
650
0
_9
29799
_a
Volcano.
942
_2
ddc
_c
PER